000 00534nam a2200205Ia 4500
005 20250923144726.0
008 008 250917s9999 xx 000 0 eng d
037 _aTextual
040 _aDSWL
_beng
_cDSWL
041 _aeng
_2eng
084 _qDSWL
100 _aHicks, J.R.
_9827781
245 0 _aSocial frame work
_cby J.R. Hicks
260 _aLondon
_bOxford at the Clarendon Press
_c1960
300 _axii,272p.
365 _aINR
_b12.96
925 _g12.96
942 _cTEXL
999 _c1442538
_d1442538